000 00603cam a22002053a 4500
001 43550
003 PGUSA
005 20140828084006.0
008 130824s2013||||xxu|||||s|||||000 | eng d
040 _aPGUSA
_beng
042 _adc
100 1 _aGraves, Lydia M.
245 1 4 _aThe Bible Of Bibles; :
_bOr Twenty-Seven "Divine" Revelations:
_h[electronic resource] /
_cLydia M. Graves
260 _bProject Gutenberg,
_c2013
506 _aPublic domain in the USA.
516 _aElectronic text
830 0 _aProject Gutenberg
_v43550
856 4 0 _uhttp://www.gutenberg.org/ebooks/43550
942 _cEB
999 _c272801
_d272801